[Event "Thessaloniki ol (Women)"]
[Site "Thessaloniki"]
[Date "1984.??.??"]
[Round "8"]
[White "Chiburdanidze, Maia"]
[Black "Hund, Barbara"]
[Result "1/2-1/2"]
[WhiteElo "2375"]
[BlackElo "2270"]

1.e4 e5 2.Nf3 Nc6 3.Bb5 a6 4.Ba4 Nf6 5.O-O Be7 6.d4 exd4 7.Re1 O-O 8.e5 Nd5
9.Nxd4 Nxd4 10.Qxd4 Nb6 11.Bb3 d5 12.exd6 Bxd6 13.Bf4 Qh4 14.g3 Qg4 15.h3 Qg6
16.Bxd6 Qxd6 17.Qxd6 cxd6 18.h4 a5 19.a4 Bd7 20.Nc3 Bc6 21.Red1 Rfd8 22.Rd3 Rd7
23.f3 Kf8 24.Kf2 Re8 25.Rad1 Red8 26.Rd4 h6 27.Ne2 Nc8 28.c3 Re7 29.Rf4 Rde8
30.Rd2 g6 31.Bc2 Kg7 32.Nd4 Nb6 33.h5 Bd7 34.Ne2 Bc6 35.Rfd4 d5 36.b3 g5
37.g4 Bd7 38.Ng3 Rc8 39.R4d3 Be6 40.Bd1 Rec7 41.Ne2 Nd7 42.Re3 Nf6 43.Rd4 Ne8
44.Kg3 Nf6 45.Bc2 Bd7 46.Bd3 Re8 47.Rxe8 Bxe8 48.Kf2 Bd7 49.Ke3 Be6 50.Bb5 Re7
51.Kd2 Rc7 52.Rd3 Ng8 53.Nd4 Ne7 54.Re3 Kf6 55.Re1 Nc8 56.Bd3 Nd6 57.Rb1 Bd7
58.Re1 Be6 59.Rb1 Bd7 60.Nc2 Ke5 61.Re1+ Kf6 62.Ne3 Be6 63.Bc2 Nc8  1/2-1/2

[Event "Thessaloniki ol (Women)"]
[Site "Thessaloniki"]
[Date "1984.??.??"]
[Round "10"]
[White "Khadilkar, Rohini"]
[Black "Chiburdanidze, Maia"]
[Result "0-1"]
[WhiteElo "2115"]
[BlackElo "2375"]

1.e4 c5 2.Nf3 d6 3.d4 cxd4 4.Nxd4 Nf6 5.Nc3 Nc6 6.Bg5 Bd7 7.Qd2 Rc8 8.O-O-O Nxd4
9.Qxd4 Qa5 10.Bd2 g6 11.Kb1 Bg7 12.Nd5 Qa4 13.Qxa4 Bxa4 14.Nxf6+ Bxf6 15.Bd3 O-O
16.Be3 a6 17.f4 Bc6 18.g4 d5 19.exd5 Bxd5 20.Rhf1 Rfd8 21.Rd2 Be6 22.h3 Bd4
23.Bxd4 Rxd4 24.f5 Bc4 25.Re2 Rxd3  0-1

[Event "Thessaloniki ol (Women)"]
[Site "Thessaloniki"]
[Date "1984.??.??"]
[Round "12"]
[White "Chiburdanidze, Maia"]
[Black "Bellin, Jana"]
[Result "1/2-1/2"]
[WhiteElo "2375"]
[BlackElo "2245"]

1.e4 c6 2.d4 d5 3.Nd2 g6 4.Ngf3 Bg7 5.Bd3 dxe4 6.Nxe4 Bg4 7.c3 Nd7 8.h3 Bxf3
9.Qxf3 Ngf6 10.Nxf6+ Nxf6 11.O-O O-O 12.Re1 Re8 13.Bf4 Qb6 14.Bc4  1/2-1/2

[Event "Thessaloniki ol (Women)"]
[Site "Thessaloniki"]
[Date "1984.??.??"]
[Round "13"]
[White "Chiburdanidze, Maia"]
[Black "Erenska Radzewska, Hanna"]
[Result "1/2-1/2"]
[WhiteElo "2375"]
[BlackElo "2240"]

1.e4 c5 2.Nf3 e6 3.d4 cxd4 4.Nxd4 Nf6 5.Nc3 d6 6.f4 Nc6 7.Nf3 Be7 8.Bd3 a6
9.Qe2 Nb4 10.O-O Nxd3 11.cxd3 O-O 12.a4 b6 13.Kh1 Bb7 14.Be3 Nd7 15.Rfd1 Rc8
16.Qf2  1/2-1/2

[Event "Banja Luka"]
[Site "Banja Luka"]
[Date "1985.??.??"]
[Round "?"]
[White "Lechtynsky, Jiri"]
[Black "Chiburdanidze, Maia"]
[Result "1/2-1/2"]
[WhiteElo "2445"]
[BlackElo "2400"]

1.Nf3 Nf6 2.d4 d5 3.c4 e6 4.Nc3 Be7 5.Bf4 O-O 6.e3 b6 7.Rc1 Bb7 8.Be2 c5
9.O-O Nbd7 10.cxd5 Nxd5 11.Bg3 N7f6  1/2-1/2

[Event "Banja Luka"]
[Site "Banja Luka"]
[Date "1985.??.??"]
[Round "?"]
[White "Short, Nigel D"]
[Black "Chiburdanidze, Maia"]
[Result "0-1"]
[WhiteElo "2535"]
[BlackElo "2400"]

1.e4 c5 2.Nf3 d6 3.d4 cxd4 4.Nxd4 Nf6 5.Nc3 g6 6.Be2 Bg7 7.O-O O-O 8.Kh1 Nc6
9.Nb3 a6 10.f4 b5 11.Bf3 Bd7 12.Be3 b4 13.Na4 Rb8 14.a3 a5 15.Rf2 Qc7 16.Rd2 Nd8
17.axb4 Rxb4 18.Nc3 a4 19.e5 dxe5 20.fxe5 Qxe5 21.Bd4 Qb8 22.Nc5 Bb5 23.Nxb5 Qxb5
24.Be2 Qc6 25.c3 Rb8 26.Rxa4 Qc8 27.Be5 Bh6 28.Bxb8 Bxd2 29.Qxd2 Qxb8 30.Bf3 Qb5
31.b4 Qf1+  0-1

[Event "Banja Luka"]
[Site "Banja Luka"]
[Date "1985.??.??"]
[Round "?"]
[White "Gavric, Miladin"]
[Black "Chiburdanidze, Maia"]
[Result "1/2-1/2"]
[WhiteElo "2265"]
[BlackElo "2400"]

1.e4 e5 2.Nf3 Nc6 3.Bb5 a6 4.Ba4 Nf6 5.O-O b5 6.Bb3 Bb7 7.d4 Nxd4 8.Nxd4 exd4
9.e5 Ne4 10.c3 dxc3 11.Qf3 d5 12.exd6 Qf6 13.Qxf6  1/2-1/2

[Event "Banja Luka"]
[Site "Banja Luka"]
[Date "1985.??.??"]
[Round "?"]
[White "Filipovic, Branko"]
[Black "Chiburdanidze, Maia"]
[Result "1/2-1/2"]
[WhiteElo "2395"]
[BlackElo "2400"]

1.e4 e5 2.Nf3 Nc6 3.Bb5 a6 4.Bxc6 dxc6 5.O-O Bd6 6.d4 exd4 7.Qxd4 f6 8.b3 Qe7
9.a4 Bc5 10.Qe3 Bb4 11.Qd3 Bg4 12.Ba3 Rd8 13.Qe3 Nh6 14.Bxb4 Qxb4 15.Nbd2 O-O
16.c3 Qd6 17.h3 Be6 18.b4 Rfe8 19.Rfe1 Nf7 20.a5 Nh8 21.e5 fxe5 22.Qxe5 Qxe5
23.Rxe5 Ng6 24.Re3 Bd5 25.Rxe8+ Rxe8 26.Re1 Rd8 27.Nd4 b6 28.N2b3 Kf7 29.g3 Ne7
30.Nd2 c5 31.bxc5 bxc5 32.N4f3 Bxf3 33.Nxf3 Kf6 34.Ne5 h5 35.g4 Rd5 36.f4 hxg4
37.hxg4 Rd2 38.Nc4 Rd7 39.Ne5 Rd2 40.Nc4 Rd7 41.f5 Nd5 42.Re6+ Kg5 43.Ne5  1/2-1/2

[Event "Banja Luka"]
[Site "Banja Luka"]
[Date "1985.??.??"]
[Round "?"]
[White "Chiburdanidze, Maia"]
[Black "Kurajica, Bojan"]
[Result "1/2-1/2"]
[WhiteElo "2400"]
[BlackElo "2535"]

1.e4 e5 2.Nf3 Nc6 3.Bb5 Nf6 4.O-O Nxe4 5.d4 Nd6 6.Bxc6 dxc6 7.dxe5 Nf5 8.Qxd8+ Kxd8
9.Nc3 h6 10.h3 Ke8 11.b3 Be6 12.g4 Ne7  1/2-1/2

[Event "Banja Luka"]
[Site "Banja Luka"]
[Date "1985.??.??"]
[Round "?"]
[White "Chiburdanidze, Maia"]
[Black "Klaric, Zlatko"]
[Result "1-0"]
[WhiteElo "2400"]
[BlackElo "2480"]

1.e4 d5 2.exd5 Qxd5 3.Nc3 Qa5 4.Nf3 Bg4 5.h3 Bh5 6.g4 Bg6 7.Bg2 Nc6 8.O-O O-O-O
9.a3 e5 10.Rb1 Qc5 11.d3 e4 12.Nh4 exd3 13.Nxg6 dxc2 14.Qxc2 hxg6 15.Be3 Qe5
16.Rfe1 Bc5 17.b4 Bxe3 18.Rxe3 Qf6 19.Qa4 Nge7 20.Ne4 Qf4 21.b5 Rd4 22.Qc2 Nd5
23.bxc6 Nxe3 24.cxb7+ Kb8 25.Nc5 Qd6 26.fxe3 Rxh3 27.Na6+ Qxa6 28.Qxc7+ Kxc7
29.b8=Q+ Kd7  1-0

[Event "Banja Luka"]
[Site "Banja Luka"]
[Date "1985.??.??"]
[Round "?"]
[White "Chiburdanidze, Maia"]
[Black "Farago, Ivan"]
[Result "1/2-1/2"]
[WhiteElo "2400"]
[BlackElo "2495"]

1.e4 e6 2.d4 d5 3.Nc3 Bb4 4.Qd3 dxe4 5.Qxe4 Nf6 6.Qh4 Nc6 7.Nf3 Nd5 8.Bg5 Nce7
9.Bd2 Nf5 10.Qxd8+ Kxd8 11.a3 Be7 12.O-O-O Nd6 13.Bd3 Bd7 14.Ne4 Nf6 15.Nc5 Be8
16.Ne5 b6 17.Na6 Kc8 18.Nb4 a5 19.Na2 Kb7 20.Rhe1 Rd8 21.Kb1 Nf5 22.c3 Bd6
23.Be2 Kb8 24.Bf3 Nh4 25.Nc6+ Bxc6 26.Bxc6 Ng6 27.h3 Bf4 28.Bxf4 Nxf4 29.Bf3 Rd6
30.b4 axb4 31.axb4 Ng6 32.g3 c6 33.Nc1 Nd5 34.Kc2 Kc7 35.Nd3 Ra8 36.Ra1 Rdd8
37.Kb3 b5 38.Nc5 Nb6 39.Be2 Ne7 40.Na6+ Kb7 41.Nc5+  1/2-1/2

[Event "Banja Luka"]
[Site "Banja Luka"]
[Date "1985.??.??"]
[Round "?"]
[White "Chiburdanidze, Maia"]
[Black "Djuric, Stefan"]
[Result "1/2-1/2"]
[WhiteElo "2400"]
[BlackElo "2470"]

1.e4 e5 2.Nf3 Nc6 3.Bb5 a6 4.Ba4 Nf6 5.O-O Be7 6.Re1 b5 7.Bb3 O-O 8.c3 d6
9.h3 Be6 10.d4 Bxb3 11.Qxb3  1/2-1/2

[Event "Banja Luka"]
[Site "Banja Luka"]
[Date "1985.??.??"]
[Round "?"]
[White "Sibarevic, Milenko"]
[Black "Chiburdanidze, Maia"]
[Result "0-1"]
[WhiteElo "2355"]
[BlackElo "2400"]

1.e4 e5 2.Nf3 Nc6 3.d4 exd4 4.Nxd4 Qh4 5.Nb5 Bc5 6.Qf3 Nd4 7.Nxd4 Bxd4 8.c3 Bb6
9.Nd2 d6 10.h3 a6 11.Nc4 Ba7 12.Be3 Bxe3 13.Qxe3 Nf6 14.Bd3 O-O 15.O-O Be6
16.Nd2 Rae8 17.f4 Nd7 18.Qd4 Bxh3 19.Rae1 Bg4 20.e5 Re6 21.Re3 Rh6 22.Nf3 dxe5
23.fxe5 Bxf3 24.Qxh4 Rxh4 25.gxf3 Rf4 26.Kg2 Re8 27.Kg3 g5 28.Rh1 Rxe5 29.Bxh7+ Kg7
30.Rd3 Nf6 31.Be4 Nxe4+  0-1

[Event "Frunze"]
[Site "Frunze"]
[Date "1985.??.??"]
[Round "1"]
[White "Chiburdanidze, Maia"]
[Black "Makarichev, Sergey"]
[Result "1/2-1/2"]
[WhiteElo "2400"]
[BlackElo "2495"]

1.e4 e5 2.Nf3 Nf6 3.Nxe5 d6 4.Nf3 Nxe4 5.c4 Nc6 6.Be2 Be7 7.O-O O-O 8.d4 Bf6
9.h3 Re8 10.Bf4 Bf5 11.Re1 Qd7 12.Na3 Bxh3 13.gxh3 Qxh3 14.Be3 Ng3 15.Nh2 Rxe3
16.fxe3 Ne4 17.Ng4 Qg3+ 18.Kh1 Qh4+ 19.Kg2 Qg3+ 20.Kh1 Qh4+ 21.Kg2  1/2-1/2

[Event "Frunze"]
[Site "Frunze"]
[Date "1985.??.??"]
[Round "3"]
[White "Chiburdanidze, Maia"]
[Black "Szekely, Peter"]
[Result "1/2-1/2"]
[WhiteElo "2400"]
[BlackElo "2450"]

1.e4 c5 2.Nf3 d6 3.d4 cxd4 4.Nxd4 Nf6 5.Nc3 a6 6.Bg5 e6 7.f4 Qb6 8.Nb3 Nbd7
9.Qf3 Be7 10.O-O-O Qc7 11.a4 b6 12.Bd3 Bb7 13.Bh4 Nc5 14.Bg3 Nfd7 15.Qe2 Bf6
16.Nxc5 Nxc5  1/2-1/2

[Event "Frunze"]
[Site "Frunze"]
[Date "1985.??.??"]
[Round "4"]
[White "Thipsay, Praveen Mahadeo"]
[Black "Chiburdanidze, Maia"]
[Result "0-1"]
[WhiteElo "2470"]
[BlackElo "2400"]

1.e4 e5 2.Nf3 Nc6 3.Bb5 a6 4.Ba4 Nf6 5.O-O b5 6.Bb3 Bb7 7.d3 Be7 8.a4 d6
9.Nc3 b4 10.Ne2 Na5 11.Ba2 c5 12.Ng3 Bc8 13.c3 Rb8 14.Nd2 O-O 15.Re1 Bg4
16.f3 Be6 17.Bxe6 fxe6 18.Ndf1 bxc3 19.bxc3 c4 20.Ba3 Qb6+ 21.Ne3 Rfc8 22.Kh1 cxd3
23.Qxd3 Qc6 24.Bb4 Nb3 25.Ra3 Nc5 26.Qd1 Bf8 27.Ra2 d5 28.exd5 exd5 29.a5 Rd8
30.Bxc5 Qxc5 31.Qd3 Rb5 32.c4 Rxa5 33.Rd2 Ra3 34.Qe2 d4 35.Nd1 a5 36.Nb2 Re3
37.Qxe3 dxe3 38.Rxd8 Qb6  0-1

[Event "Frunze"]
[Site "Frunze"]
[Date "1985.??.??"]
[Round "5"]
[White "Chiburdanidze, Maia"]
[Black "Agzamov, Georgy"]
[Result "1/2-1/2"]
[WhiteElo "2400"]
[BlackElo "2590"]

1.e4 e5 2.Nf3 Nf6 3.Nxe5 d6 4.Nf3 Nxe4 5.c4 Nc6 6.Nc3 Nxc3 7.dxc3 Bf5 8.Nd4 Nxd4
9.Qxd4 Qe7+ 10.Be2 Qe4  1/2-1/2

[Event "Frunze"]
[Site "Frunze"]
[Date "1985.??.??"]
[Round "6"]
[White "Gulko, Boris F"]
[Black "Chiburdanidze, Maia"]
[Result "1-0"]
[WhiteElo "2475"]
[BlackElo "2400"]

1.d4 Nf6 2.c4 e6 3.Nc3 d5 4.cxd5 exd5 5.Bg5 Be7 6.e3 O-O 7.Bd3 Nbd7 8.Nge2 b6
9.Ng3 g6 10.h4 c5 11.Qc2 Re8 12.O-O-O c4 13.Be2 a6 14.Bf3 Bb7 15.h5 Ne4 16.hxg6 hxg6
17.Bxe4 dxe4 18.Bf4 Rc8 19.Ngxe4 Nf8 20.g4 g5 21.Be5 f6 22.f4 Bxe4 23.Nxe4 fxe5
24.dxe5 Qd3 25.Qh2 Qxe3+ 26.Rd2 c3 27.Qh8+ Kf7 28.e6+ Kxe6 29.Qg8+  1-0

[Event "Frunze"]
[Site "Frunze"]
[Date "1985.??.??"]
[Round "7"]
[White "Chiburdanidze, Maia"]
[Black "Kanstler, Boris"]
[Result "1/2-1/2"]
[WhiteElo "2400"]
[BlackElo "2380"]

1.e4 g6 2.d4 Bg7 3.Nc3 c6 4.Nf3 d5 5.h3 Nf6 6.Bd3 dxe4 7.Nxe4 Nxe4 8.Bxe4 O-O
9.O-O Qd6 10.c3 Nd7 11.Bc2 b6 12.Re1 Bb7 13.Bg5 e6 14.Qd2 c5 15.Bf4 Qc6 16.Be4 Qc8
17.Bxb7 Qxb7 18.dxc5 Nxc5 19.Rad1 b5 20.Be5 Qb6 21.Bxg7 Kxg7 22.Qd4+ Kg8
23.Qf6 Rad8 24.Ne5 Ne4 25.Qf4 Nd6 26.Ng4 Ne8 27.Rxd8 Qxd8 28.Qe5 h5 29.Ne3 Qd2
30.Rb1 a6 31.c4 bxc4 32.Nxc4 Qc2 33.Na3 Qd3 34.Qe1 Nf6 35.Rd1 Qf5 36.Nc4 Nd5
37.Ne3 Nxe3 38.Qxe3 Rc8 39.Rc1 Rd8 40.b3  1/2-1/2

[Event "Frunze"]
[Site "Frunze"]
[Date "1985.??.??"]
[Round "8"]
[White "Velikov, Petar"]
[Black "Chiburdanidze, Maia"]
[Result "1-0"]
[WhiteElo "2450"]
[BlackElo "2400"]

1.d4 Nf6 2.Nf3 d5 3.c4 e6 4.Nc3 Be7 5.Bg5 O-O 6.e3 Nbd7 7.Rc1 b6 8.cxd5 exd5
9.Be2 Bb7 10.O-O Ne4 11.Bxe7 Qxe7 12.Qa4 Ndf6 13.b4 a5 14.b5 Nxc3 15.Rxc3 Ne4
16.Rc2 f6 17.Rfc1 Rf7 18.Ne1 Re8 19.Nd3 g6 20.Qb3 Kg7 21.a4 Qd7 22.Nf4 Rfe7
23.h3 Kh6 24.Bf3 g5 25.Nd3 Kg6 26.Qa3 Qd8 27.Qb3 Qd6 28.Ra2 Rd8 29.Qd1 Rf8
30.Rac2 Qd8 31.Bh5+ Kg7 32.Bg4 Nd6 33.Qf3 Ne4 34.Nb2 Rff7 35.Nd1 Qd6 36.Nc3 Kh8
37.Bh5 Rf8 38.Nxe4 dxe4 39.Qg3 Qxg3 40.fxg3 Bd5 41.Rxc7 Rxc7 42.Rxc7 f5 43.Be2 Bb3
44.Rc6 Rb8 45.Bc4 Bxa4 46.d5 Kg7 47.d6 Kf8 48.d7 Rd8 49.Rxb6 Rxd7 50.Ra6 Rd1+
51.Kh2 Rb1 52.Rxa5 Bb3 53.Bxb3 Rxb3 54.b6 Kg7 55.Rxf5 Kg6 56.Re5 Rxb6 57.Rxe4 Rb1
58.g4 h6 59.Re6+ Kg7 60.Kg3 Rf1 61.Re5 Kg6 62.Rf5 Re1 63.Kf2 Ra1 64.Rd5 Ra2+
65.Kf3 Rb2 66.Rd1 Ra2 67.g3 Rb2 68.Rd6+ Kg7 69.h4 Rb4 70.Rd7+ Kf6 71.h5 Rb6
72.Rh7 Ke5 73.Rg7 Rf6+ 74.Ke2 Rf8 75.Re7+ Kd5 76.Rh7 Rf6 77.Rg7 Rf8 78.Rg6 Rh8
79.Rf6 Ke5 80.Rf7 Ke4 81.Re7+ Kd5 82.Kd3 Ra8 83.e4+ Kd6 84.Rh7 Ke5 85.Re7+ Kd6
86.Rb7 Ra3+ 87.Kd4 Rxg3 88.Rb6+ Ke7 89.Rxh6 Rxg4 90.Ke5 Rh4 91.Rh7+ Kf8 92.h6 Kg8
93.Rg7+ Kf8 94.Rg6 g4 95.Kf4 Kf7 96.Rg7+ Kf6 97.Rg6+ Kf7 98.Kg5 Rh1 99.Rf6+ Ke7
100.Rf4  1-0

[Event "Frunze"]
[Site "Frunze"]
[Date "1985.??.??"]
[Round "9"]
[White "Chiburdanidze, Maia"]
[Black "Novak, Ivan"]
[Result "1/2-1/2"]
[WhiteElo "2400"]
[BlackElo "2290"]

1.e4 c5 2.Nf3 e6 3.d4 cxd4 4.Nxd4 Nf6 5.Nc3 Nc6 6.g3 d6 7.Bg2 Bd7 8.O-O Be7
9.Ndb5 Qb8 10.a4 a6 11.Na3 Qc7 12.Qe2 Rc8 13.Rd1 O-O 14.Be3 Be8 15.Nc4 Nd7
16.a5 Nce5 17.Nd2 Nc6 18.Nc4 Nce5  1/2-1/2

[Event "Frunze"]
[Site "Frunze"]
[Date "1985.??.??"]
[Round "10"]
[White "Imanaliev, Taalaibek"]
[Black "Chiburdanidze, Maia"]
[Result "1-0"]
[WhiteElo "2385"]
[BlackElo "2400"]

1.e4 e5 2.Nf3 Nc6 3.Nc3 Nf6 4.Bb5 Nd4 5.Nxd4 exd4 6.e5 dxc3 7.exf6 Qxf6 8.dxc3 Qe5+
9.Be2 Bc5 10.O-O O-O 11.Bd3 d5 12.Qf3 Bd6 13.g3 Qe6 14.Bg5 Re8 15.Rae1 Qxe1
16.Rxe1 Rxe1+ 17.Kg2 Bd7 18.Bd2 Re6 19.b4 Rae8 20.b5 c6 21.Be3 cxb5 22.Bxa7 Rf6
23.Qd1 d4 24.Bxd4 Bc6+ 25.Kf1 Rfe6 26.Be3 Be5 27.Qb1 Ra8 28.Bxb5 Bd5 29.c4 Bf3
30.c5 Rd8 31.Be2 Bxe2+ 32.Kxe2 Rd7 33.Qb5 Rc6 34.a4 h6 35.a5 Re7 36.Kf1 Rce6
37.Qd3 Bc7 38.Qd5 Kh7 39.Qxb7 Bxa5 40.Qb5 Bc7 41.Ke2 Be5 42.Kd3 g5 43.c3 Bf6
44.Bd4 Kg7 45.Kc4 Kg6 46.Qb1+ Kg7 47.f4 gxf4 48.gxf4 Rc7 49.f5 Rec6 50.Qg1+ Kh7
51.Qg2 Rb6 52.Qd5 Kg7 53.Qd8  1-0

[Event "Frunze"]
[Site "Frunze"]
[Date "1985.??.??"]
[Round "11"]
[White "Chiburdanidze, Maia"]
[Black "Kupreichik, Viktor D"]
[Result "1-0"]
[WhiteElo "2400"]
[BlackElo "2470"]

1.e4 c5 2.Nf3 e6 3.d4 cxd4 4.Nxd4 Nc6 5.Nc3 Be7 6.Be3 d6 7.Be2 Nf6 8.Qd2 e5
9.Nb3 a5 10.a4 Be6 11.f4 exf4 12.Bxf4 O-O 13.O-O-O Rc8 14.Nd4 Nb4 15.Kb1 Rxc3
16.Qxc3 Nxe4 17.Qe3 Ba2+ 18.Ka1 Bf6 19.Qxe4 Re8 20.Qxe8+ Qxe8 21.Bb5 Qc8
22.c3 Bc4 23.cxb4 Bxb5 24.axb5 axb4 25.Bxd6 Qg4 26.Nb3 h6 27.g3 Qc4 28.Nc1 Qxb5
29.Kb1 Qc4 30.Rhe1 b5 31.Be5 Bg5 32.Rd4 Qc5 33.Nd3 Qb6 34.h4 Be7 35.Rd7 Qe6
36.Rd4 b3 37.Bxg7 Qc6 38.Be5 Qa6 39.Rg4+ Kf8 40.Bg7+ Ke8 41.Rge4  1-0

[Event "Frunze"]
[Site "Frunze"]
[Date "1985.??.??"]
[Round "13"]
[White "Chiburdanidze, Maia"]
[Black "Romanishin, Oleg M"]
[Result "1/2-1/2"]
[WhiteElo "2400"]
[BlackElo "2570"]

1.e4 e5 2.Nf3 Nc6 3.Bb5 a6 4.Ba4 Nf6 5.d4 exd4 6.O-O Be7 7.Re1 b5 8.e5 Nxe5
9.Nxe5 bxa4 10.Qxd4 O-O 11.Qxa4 Rb8 12.a3 Rb6 13.Nc3 Re6 14.Bg5 c6 15.Nd3 Qc7
16.Nf4 Re5 17.Bh4 Re8 18.Rxe5 Qxe5 19.Nd3 Qf5 20.Re1 Bf8 21.Rxe8 Nxe8 22.Bg3 c5
23.Qe4 Qxe4 24.Nxe4 d6 25.f3 f5 26.Nd2 Kf7 27.b4 cxb4 28.axb4 g5 29.Kf1 Bg7
30.Ke2 Be6 31.Bf2 Ke7 32.h4 h6 33.hxg5 hxg5 34.Be3 Bf6 35.Nf2 Nc7 36.c4 Bf7
37.g4 f4 38.Bb6 Ne6 39.Nfe4 Bg7 40.Kd3 Bg6 41.Nb3  1/2-1/2

[Event "Havana-A"]
[Site "Havana"]
[Date "1985.??.??"]
[Round "?"]
[White "Chiburdanidze, Maia"]
[Black "Andres, Miguel"]
[Result "0-1"]
[WhiteElo "2400"]
[BlackElo "2385"]

1.e4 c5 2.Nf3 Nc6 3.d4 cxd4 4.Nxd4 g6 5.c4 Bg7 6.Be3 Nf6 7.Nc3 d6 8.Be2 O-O
9.O-O Bd7 10.Kh1 Nxd4 11.Bxd4 Bc6 12.Qd3 a5 13.f4 Nd7 14.Bxg7 Kxg7 15.Rfd1 Qb6
16.Rd2 Qc5 17.Re1 Qf2 18.Rf1 Qc5 19.Rc2 Rac8 20.Rfc1 Qf2 21.Bf3 Nc5 22.Qf1 Qe3
23.Bg4 Rce8 24.Rd1 e5 25.fxe5 Rxe5 26.Rxd6 Nxe4 27.Nxe4 Rxe4 28.Bd1 Rf4 29.Qg1 Re8
30.Re2 Qxg1+ 31.Kxg1 Rxc4 32.Rxc6 Rxe2 33.Rxc4 Re1+ 34.Kf2 Rxd1 35.Ke3 Rd5
36.Rc7 b5 37.Rc6 Kf8 38.Rc7 Kg7 39.Rc6 Re5+ 40.Kd3 Rh5 41.h3 Rg5 42.Rc2 Kh6
43.Ke3 Kh5 44.Kf2 Kh4 45.Re2 Rf5+ 46.Kg1 Kg3 47.Re3+ Kf4 48.Kf2 Rc5 49.g3+ Kf5
50.Kf3 h5 51.Rd3 Ke5 52.Ra3 b4 53.Rb3 Kd4 54.a3 Rf5+ 55.Kg2 Rb5 56.Kg1 a4
57.Rf3 Rf5  0-1

[Event "Havana-A"]
[Site "Havana"]
[Date "1985.??.??"]
[Round "?"]
[White "Chiburdanidze, Maia"]
[Black "Fedorowicz, John P"]
[Result "1/2-1/2"]
[WhiteElo "2400"]
[BlackElo "2520"]

1.e4 c5 2.Nf3 d6 3.d4 cxd4 4.Nxd4 Nf6 5.Nc3 Nc6 6.Bg5 Qb6 7.Be3 a6 8.Nb3 Qd8
9.a4 e6 10.a5 Bd7 11.Be2 Be7 12.O-O O-O 13.f4 Nb4 14.Bf3 e5 15.Qe2 Qc8 16.Rfc1 Re8
17.Na4 Bb5 18.Qd2 Bxa4 19.Rxa4 exf4 20.Bxf4 Nc6 21.Nd4 Ne5 22.c4 Ng6 23.Bg3 Bf8
24.Re1 Ne5 25.b3 g6 26.Raa1 Bg7 27.Rad1 Nfd7 28.Nc2  1/2-1/2

[Event "Havana-A"]
[Site "Havana"]
[Date "1985.??.??"]
[Round "?"]
[White "Chiburdanidze, Maia"]
[Black "Gufeld, Eduard"]
[Result "1/2-1/2"]
[WhiteElo "2400"]
[BlackElo "2470"]

1.e4 d6 2.d4 Nf6 3.Bd3 e5 4.Ne2 Be7 5.O-O O-O 6.d5 Nh5 7.c4 Bg5 8.Nbc3 g6
9.Rb1 Nd7 10.b4 f5 11.exf5 gxf5 12.f4 exf4 13.Nxf4 Nxf4 14.Bxf4 Ne5 15.Ne2 Ng6
16.Bxg5 Qxg5 17.Qc2 Bd7 18.Rf2 Qe3 19.h3 Rae8 20.Rd1 Ne5 21.Qd2 f4 22.Nxf4 Nf3+
23.gxf3 Rxf4 24.Be4 Qxd2 25.Rdxd2 Bxh3 26.Kh2 Bd7 27.Rg2+ Kh8 28.Rg5 Rg8
29.Rxg8+ Kxg8 30.c5 Rf7 31.Rg2+ Rg7 32.Rc2 b6 33.Rc3 bxc5 34.bxc5 Bb5 35.Bf5 dxc5
36.Be6+ Kf8 37.Rxc5 a6 38.f4 Re7 39.f5 Kg7 40.Rc3 Kf6 41.Rg3 Rg7 42.Rh3  1/2-1/2

[Event "Havana-A"]
[Site "Havana"]
[Date "1985.??.??"]
[Round "?"]
[White "Chiburdanidze, Maia"]
[Black "Pinal, Nelson Borges"]
[Result "1-0"]
[WhiteElo "2400"]
[BlackElo "2405"]

1.e4 c5 2.Nf3 Nc6 3.d4 cxd4 4.Nxd4 g6 5.c4 Bg7 6.Be3 Nf6 7.Nc3 O-O 8.Be2 b6
9.O-O Bb7 10.f3 e6 11.Nxc6 Bxc6 12.Qd2 d5 13.cxd5 exd5 14.e5 Nd7 15.f4 f6
16.Bb5 Bb7 17.e6 Nc5 18.f5 a6 19.Bxc5 bxc5 20.Bd7 Qa5 21.Qd3 d4 22.Na4 Rad8
23.Qc4 Kh8  1-0

[Event "Havana-A"]
[Site "Havana"]
[Date "1985.??.??"]
[Round "?"]
[White "Chiburdanidze, Maia"]
[Black "Schussler, Harry"]
[Result "1/2-1/2"]
[WhiteElo "2400"]
[BlackElo "2455"]

1.e4 c5 2.Nf3 d6 3.d4 cxd4 4.Nxd4 Nf6 5.Nc3 Nc6 6.Bg5 e6 7.Qd2 Be7 8.O-O-O O-O
9.Nb3 a5 10.a4 d5 11.exd5 Nxd5  1/2-1/2

[Event "Havana-A"]
[Site "Havana"]
[Date "1985.??.??"]
[Round "?"]
[White "Chiburdanidze, Maia"]
[Black "Utasi, Tamas"]
[Result "1/2-1/2"]
[WhiteElo "2400"]
[BlackElo "2480"]

1.e4 c6 2.d4 d5 3.Nd2 dxe4 4.Nxe4 Nf6 5.Nxf6+ exf6 6.c3 Bd6 7.Bd3 O-O 8.Qc2 Kh8
9.Ne2 Nd7 10.Bf4 Bxf4 11.Nxf4 Re8+ 12.Ne2 Nf8 13.O-O Qd6 14.Rfe1 Be6 15.Ng3 Qc7
16.Rad1 Rad8 17.Be4 Qb6 18.b3 Bg4 19.Rc1 Be6 20.Re3 Re7 21.Bf3  1/2-1/2

[Event "Havana-A"]
[Site "Havana"]
[Date "1985.??.??"]
[Round "?"]
[White "Herrera Perez, Juventino"]
[Black "Chiburdanidze, Maia"]
[Result "1/2-1/2"]
[WhiteElo "2350"]
[BlackElo "2400"]

1.e4 c5 2.Nf3 d6 3.d4 cxd4 4.Nxd4 Nf6 5.Nc3 g6 6.Be2 Bg7 7.O-O O-O 8.Be3 Nc6
9.Qd2 Ng4 10.Bxg4 Bxg4 11.h3 Bd7 12.Rad1 a6 13.Nd5 b5 14.Nb3 Rb8 15.f4 e6
16.Nb4 a5 17.Na6 Ra8 18.Qxd6 Rxa6 19.Qxd7 Qxd7 20.Rxd7 Bxb2 21.Rb1 Bg7 22.Nc5 Raa8
23.Rxb5 Nb4 24.Rbb7 Nxc2 25.Bf2 Rad8 26.e5 g5 27.g3 gxf4 28.gxf4 Nb4 29.Rd6 Nd5
30.Nd7 Rfe8 31.f5 Rc8 32.Rb3 h5 33.Rg3 Kh7 34.Bd4 Rc1+ 35.Kh2 Rec8 36.fxe6 R8c2+
37.Rg2 Rxg2+ 38.Kxg2 Nf4+ 39.Kf3 Nxe6 40.Be3 Rc2 41.a4  1/2-1/2

[Event "Havana-A"]
[Site "Havana"]
[Date "1985.??.??"]
[Round "?"]
[White "Pecorelli Garcia, Humberto"]
[Black "Chiburdanidze, Maia"]
[Result "1-0"]
[WhiteElo "2435"]
[BlackElo "2400"]

1.e4 c5 2.Nc3 Nc6 3.g3 g6 4.Bg2 Bg7 5.d3 d6 6.Be3 e6 7.Qd2 a6 8.Nge2 Nd4
9.Rb1 Ne7 10.O-O O-O 11.b4 Rb8 12.bxc5 dxc5 13.Na4 Qc7 14.c3 Nxe2+ 15.Qxe2 b6
16.d4 cxd4 17.cxd4 Qc6 18.Nxb6 Rxb6 19.d5 Rxb1 20.dxc6 Rxf1+ 21.Qxf1 Nxc6
22.f4 e5 23.f5 Re8 24.Qc4 Nd4 25.g4 Bf8 26.Qc7 Nb5 27.Qb6 Bd7 28.Qxa6 Rb8
29.Bf1 Nd6 30.Qa7 Rb7 31.Qa8 Rc7 32.Qa5 Rc8 33.Bd3 gxf5 34.gxf5 f6 35.Qd5+ Kg7
36.h4 h5 37.Kh2 Bc6 38.Qe6 Re8 39.Bh6+ Kxh6 40.Qxf6+ Kh7 41.Qg6+ Kh8 42.Qxh5+ Kg7
43.Qg6+ Kh8 44.Bc2 Rb8 45.Bb3 Rxb3 46.axb3 Bxe4 47.Qh5+ Kg8 48.Qg4+ Kh7 49.f6 Bg6
50.b4 Be8 51.b5 Nxb5 52.Qc8 Nd6 53.f7 Nxf7 54.Qxe8 Kg8 55.Kh3 Nh6 56.Qxe5 Bg7
57.Qe8+ Kh7 58.Kg3 Bf6 59.h5 Bg7 60.Kf4 Ng8 61.Kf5 Nh6+ 62.Kg5 Ng8 63.Qe4+ Kh8
64.Kg6  1-0

[Event "Lloyds Bank op"]
[Site "London"]
[Date "1985.??.??"]
[Round "?"]
[White "Chiburdanidze, Maia"]
[Black "Morovic Fernandez, Ivan"]
[Result "1/2-1/2"]
[WhiteElo "2450"]
[BlackElo "2470"]

1.e4 c5 2.Nf3 e6 3.d4 cxd4 4.Nxd4 Nf6 5.Nc3 d6 6.g3 Be7 7.Bg2 O-O 8.O-O a6
9.a4 Qc7 10.Qe2 Bd7 11.h3 Nc6 12.Be3 Nxd4 13.Bxd4 Bc6 14.a5 Nd7 15.Rfd1 Rac8
16.Rd2 Rfe8 17.Kh2 Bg5 18.f4 Bf6 19.Qf2 Red8 20.b4 Bxd4  1/2-1/2

[Event "Lloyds Bank op"]
[Site "London"]
[Date "1985.??.??"]
[Round "?"]
[White "Barua, Dibyendu"]
[Black "Chiburdanidze, Maia"]
[Result "0-1"]
[WhiteElo "2410"]
[BlackElo "2450"]

1.e4 e5 2.Nf3 Nc6 3.Bc4 Bc5 4.d3 Nf6 5.Bg5 h6 6.Bh4 d6 7.c3 a6 8.Nbd2 Ba7
9.b4 Qe7 10.O-O g5 11.Bg3 h5 12.h4 g4 13.Ne1 Nh7 14.Nc2 Nf8 15.Ne3 Be6 16.b5 axb5
17.Bxb5 Ng6 18.Nd5 Qd8 19.Nc4 Kf8 20.Ba4 Nxh4 21.Nxc7 Nf3+ 22.gxf3 Qxc7 23.Bh4 Ne7
24.Ne3 Rg8 25.Kh1 Ng6 26.Bg5 Bxe3 27.fxe3 g3 28.Rg1 h4 29.f4 Qc8 30.f5 Bxf5
31.exf5 Qxf5 32.Bh6+ Ke7 33.Rg2 Rh8 34.Qb3 Ra7 35.Bg7 Rh7 36.Kg1 Rxg7 37.Rf1 Qg4
38.Bb5 h3  0-1

[Event "Lloyds Bank op"]
[Site "London"]
[Date "1985.??.??"]
[Round "?"]
[White "Chiburdanidze, Maia"]
[Black "Nicholson, J."]
[Result "1-0"]
[WhiteElo "2450"]
[BlackElo "2315"]

1.e4 c5 2.Nf3 e6 3.d4 cxd4 4.Nxd4 Nf6 5.Nc3 d6 6.g3 Be7 7.Bg2 O-O 8.O-O a6
9.a4 Qc7 10.a5 Nc6 11.Nb3 Bd7 12.Be3 Ne5 13.Nd2 Bc6 14.Qe2 Rac8 15.Rfc1 Ned7
16.Bd4 Rfe8 17.b3 Bf8 18.Na4 g6 19.Nb6 Nxb6 20.Bxb6 Qe7 21.c4 Nd7 22.Be3 Bg7
23.Rab1 f5 24.b4 Nf6 25.Bg5 h6 26.Bxf6 Qxf6 27.b5 axb5 28.cxb5 Bxe4 29.Nxe4 fxe4
30.Qxe4 d5 31.Qd3 Rf8 32.Rc2 Ra8 33.a6 bxa6 34.bxa6 Qf5 35.Bf1 Bd4 36.Qxf5 gxf5
37.Rc6 Kf7 38.Rb4 Be5 39.f4 Bb8 40.Rb7+ Kf6 41.Rh7 Rh8 42.Rb7 h5 43.Kg2 h4
44.Bb5 hxg3 45.hxg3 Ra7 46.Rcb6 Ra8  1-0